Economics in one lesson
Salvato in:
| Autore principale: | |
|---|---|
| Natura: | Libro |
| Lingua: | inglese |
| Pubblicazione: |
New York
Harper and Brothers Pub.
1946
|
| Tags: |
Nessun Tag, puoi essere il primo ad aggiungerne!!
|
MARC
| LEADER | 00000nam a2200000 4500 | ||
|---|---|---|---|
| 001 | c126605 | ||
| 005 | 20221220103159.0 | ||
| 041 | 0 | |a eng | |
| 044 | |a US | ||
| 245 | 1 | 0 | |a Economics in one lesson |c Henry Hazlitt |
| 264 | 1 | |a New York |b Harper and Brothers Pub. |c 1946 | |
| 300 | |a 222 s. | ||
| 100 | 1 | |a Hazlitt, Henry | |